Szczegóły MARC21

Taryfy transportowe /

003 -Nazwa inst., której nr kontr. jest w polu 001 [,]
    • @
    • Nazwa instytucji, której n kontrolny jest w polu 001
    • NUKAT
005 -DATA I CZAS OSTATNIEJ MODYFIKACJI [,]
    • @
    • pole kontrolne
    • 20241231090818.0
020 -Międzynarod. znormalizowany nr książki - ISBN [ , ]
    • a
    • Numer ISBN
    • 8320605229 Find
040 -Instytucja sporządzająca opis [ , ]
    • a
    • Instytucja, która sporządziła opis (NP)
    • NUKAT
    • b
    • Język katalogowania
    • pol
    • e
    • Zasady katalogowania
    • rda
    • c
    • Instytucja, która sporządziła rekord (NP)
    • GD U/TZ
    • d
    • Instytucja, która zmodyfikowała rekord (P)
    • GL 001/FAN
    • d
    • Instytucja, która zmodyfikowała rekord (P)
    • KAT 001/KCs
    • d
    • Instytucja, która zmodyfikowała rekord (P)
    • WA 14/ABs
    • d
    • Instytucja, która zmodyfikowała rekord (P)
    • GL 001/FMM
942 -Rodzaj dokumentu [ , ]
    • c
    • Rodzaj dokumentu
    • Książka
100 -Hasło główne - nazwa osobowa [1, ]
    • a
    • Nazwa osobowa (NP)
    • Grzywacz, Waldemar
    • d
    • Daty biograficzne (NP)
    • (1932-2020).
    • e
    • Rodzaj współpracy
    • Autor
    • 9
    • KHW
    • 47027
245 -Strefa tytułu i oznaczenia odpowiedzialności [1,0]
    • a
    • Tytuł
    • Taryfy transportowe / Find
    • c
    • Pozostałe elementy strefy tytułu i oznaczenia odpowiedzialności (NP)
    • Waldemar Grzywacz.
250 -Strefa wydania [ , ]
    • a
    • Oznaczenie wydania (NP)
    • Wydanie 2 poprawione i rozszerzone.
260 -Strefa adresu wydawniczego [ , ]
    • a
    • Miejsce wydania (P)
    • Warszawa :
    • b
    • Nazwa wydawcy (P)
    • Wydawnictwa Komunikacji i Łączności,
    • c
    • Data wydania (P)
    • 1985.
300 -Strefa opisu fizycznego [ , ]
    • a
    • Określenie formy książki i/lub objętość (NP)
    • 380, [4] strony :
    • b
    • Oznaczenie ilustracji (NP)
    • ilustracje ;
    • c
    • Format (NP)
    • 21 cm.
336 -Typ zawartości [ , ]
    • a
    • Termin opisujący typ zawartości
    • Tekst
    • b
    • Kod określający zawartość
    • txt
    • 2
    • Źródło (terminu i kodu)
    • rdacontent
337 -Typ mediów [ , ]
    • a
    • Tryb odtwarzania
    • Bez urządzenia pośredniczącego
    • b
    • Kod typu mediów
    • n
    • 2
    • Źródło (terminu i kodu)
    • rdamedia
338 -Typ/rodzaj nośnika [ , ]
    • a
    • Hasło opisujące typ nośnika
    • Wolumin
    • b
    • Kod typu nośnika
    • nc
    • 2
    • Źródło (terminu i kodu)
    • rdacarrier
380 -Deskryptor - Forma dzieła (P) [ , ]
    • a
    • forma dzieła (NP)
    • Książki
380 -Deskryptor - Forma dzieła (P) [ , ]
    • a
    • forma dzieła (NP)
    • Publikacje fachowe
388 -Deskryptor - czas powstania dzieła (P) [1, ]
    • a
    • Czas powstania dzieła (NP)
    • 1901-2000
388 -Deskryptor - czas powstania dzieła (P) [1, ]
    • a
    • Czas powstania dzieła (NP)
    • 1945-1989
504 -Uwaga dot. bibliogr. załącznikowej [ , ]
    • a
    • Uwaga dot. bibliografii załącznikowej
    • Bibliografia na stronach 379-[381].
521 -Uwaga dot. przeznaczenia czytelniczego [8, ]
    • a
    • Uwaga dot. przeznaczenia czytelniczego
    • Odbiorcy: pracownicy służb ekonomicznych i eksploatacyjnych w transporcie oraz studenci kierunków transportowych wyższych szkół ekonomicznych.
080 -Uniwersalna Klasyfikacja Dziesiętna [ , ]
    • a
    • Symbol klasyfikacji
    • 656.03
    • 2
    • Identyfikator wydania tablic
    • UDC-P058
    • 9
    • UKD
    • 5538
    • b
    • Dopowiedzenie
    • Taryfy. Bilety. Opłaty. Dokumenty przewozowe.
080 -Uniwersalna Klasyfikacja Dziesiętna [ , ]
    • a
    • Symbol klasyfikacji
    • 338.5
    • 2
    • Identyfikator wydania tablic
    • UDC-P058
    • 9
    • UKD
    • 3281
    • b
    • Dopowiedzenie
    • Ceny. Kształtowanie się cen. Koszty.
650 -Hasło przedmiotowe [ ,7]
    • a
    • Hasło przedmiotowe
    • Transport
    • x
    • Określnik rzeczowy
    • taryfy.
    • 2
    • Źródło terminu
    • kaba
    • 9
    • KHW
    • 133756
650 -Hasło przedmiotowe [ ,7]
    • a
    • Hasło przedmiotowe
    • Transport
    • x
    • Określnik rzeczowy
    • koszt.
    • 2
    • Źródło terminu
    • kaba
    • 9
    • KHW
    • 366541
650 -Hasło przedmiotowe [ ,7]
    • a
    • Hasło przedmiotowe
    • Transport
    • 2
    • Źródło terminu
    • DBN
    • 9
    • KHW
    • 721589
650 -Hasło przedmiotowe [ ,7]
    • a
    • Hasło przedmiotowe
    • Opłaty
    • 2
    • Źródło terminu
    • DBN
655 -Hasło w funkcji tematu formalnego [ ,7]
    • a
    • Hasło
    • Opracowanie
    • 2
    • Źródło terminu
    • DBN
    • 9
    • KHW
    • 721206
658 -Ujęcie treści [ , ]
    • a
    • dziedzina nauki i sztuki/ sfera aktywności życiowej
    • Gospodarka, ekonomia, finanse
980 -Symbol UKD [ , ]
    • a
    • UKD
    • 656.03:338.5
710 -Hasło dodatkowe - nazwa ciała zbiorowego [2, ]
    • a
    • Nazwa ciała zbiorowego lub nazwa geograficzna jako pierwszy element (NP)
    • Wydawnictwa Komunikacji i Łączności.
    • e
    • Rodzaj współpracy
    • Wydawca
    • 4
    • Kod relacji
    • pbl
    • 9
    • KHW
    • 53408
920 -ISBN [ , ]
    • a
    • ISBN
    • 83-206-0522-9 Find
Numer inwentarzowy Sygnatura Uwagi nie widoczne w OPAC Status udost. Lokalizacja Data inwentaryzacji
E.65324  -2BE1998-05-15
S.62609 retrokonwersja2BE
E.54571 retrokonwersja2BE
Z.61502Z.61502retrokonwersja1BG
SA.2012SA.2012 1BSA 
TS.52827  -3T1998-05-08
TS.52828  -11T1998-05-08
TS.52829  -6T1998-05-08
TS.52830  -11T1998-05-08
TS.52831  -11T1998-05-08
TS.52832  -11T1998-05-08
TS.52833  -11T1998-05-08
TS.52834  -11T1998-05-08
TS.52835  -11T1998-05-08
TS.52836  -11T1998-05-08
TS.52837  -11T1998-05-08
TS.52838  -11T1998-05-08
TS.52839  -11T1998-05-08
TS.52840  -11T1998-05-08
TS.52841  -11T1998-05-08
TS.52842  -11T1998-05-08
TS.52843  -11T1998-05-08
TS.52844  -11T1998-05-08
TS.52845  -11T1998-05-08
TS.52846  -11T1998-05-08
TS.52847  -6T1998-05-08
TS.52848  -11T1998-05-08
TS.52849  -3T1998-05-08
TS.52850  -11T1998-05-08
TS.52851  -11T1998-05-08
TS.52852  -11T1998-05-08
TS.52853  -11T1998-05-08
TS.52854  -11T1998-05-08
TS.52855  -11T1998-05-08
TS.52856  -11T1998-05-08
TS.52857  -6T1998-05-08
TS.72008 retrokonwersja1T
TS.59905 retrokonwersja-6T